Nazwij flagi wysp normandzkich - Statystyki

Ogólne statystyki
  • Ten quiz został rozwiązany 45 razy
  • Średni wynik to 3 z 8
Statystyki odpowiedzi
Obrazkowy Odpowiedź % Poprawnych
Jersey
88%
Guernsey
84%
Lihou
40%
Sark
28%
Alderney
24%
Herm
20%
Brecqhou
8%
Jethou
8%
Nie znaleziono quizów pasujących do podanych kryteriów
Rozkład punktacji
Procent ludzi z każdym wynikiem
Percentyl według liczby udzielonych odpowiedzi
Twoja historia wyników
Nie rozwiązałeś tego quizu